000 00707nam a2200205Ia 4500
005 20241216011342.0
008 190429s9999||||xx |||||||||||||| ||und||
082 _a616.342
_bS35
100 _aSEDANO CALDERON, JUANA
245 0 _aINCIDENCIA DE ENFERMEDAD DIARREICA AGUDA EN RELACION AL TIEMPO DE DURACION Y TIPO DE LACTANCIA Y DESTETE EN NIÑOS MENORES DE 5 AÑOS DE EDAD EN EL DISTRITO DE SANTA CRUZ DE TAPO TARMA - 1990
250 _a0
260 _aCERRO DE PASCO-PERU
_bUNDAC
_c1990
300 _a73 pag.
_c29 cm.
341 _h0
490 _v0
_a0
505 _aMATERIALES-METODOS-RESULTADOS
541 _aD
_bSEDANO CALDERON, JUANA
_d14-Jun-95
_oSoles
650 _aEnfermería
942 _cTESIS
999 _c39526
_d39526